Xác định vận tốc sóng điện từ trong ra đa xuyên đất bằng phương pháp dịch chuyển F-K. Áp dụng tại hệ thống công trình ngầm Bình Tiên và công viên Lê Thị Riêng Tp. HCM : Luận văn Thạc sĩ chuyên ngành: Vật lý lý thuyết và vật lý toán
Đề tài trình bày tổng quan về GPR và dịch chuyển, cơ sở vật lý của phương pháp ra da xuyên đất, phương pháp dịch chuyển F-K, nghiên cứu trên mô hình và áp dụng thực tế.
Tallennettuna:
| Päätekijä: | |
|---|---|
| Yhteisötekijä: | |
| Aineistotyyppi: | Kirja |
| Kieli: | Undetermined |
| Julkaistu: |
Cần Thơ
Trường Đại học Cần Thơ
2014
|
| Aiheet: | |
| Tagit: |
Lisää tagi
Ei tageja, Lisää ensimmäinen tagi!
|
| Thư viện lưu trữ: | Trung tâm Học liệu Trường Đại học Cần Thơ |
|---|
| LEADER | 01267nam a2200229Ia 4500 | ||
|---|---|---|---|
| 001 | CTU_193081 | ||
| 008 | 210402s9999 xx 000 0 und d | ||
| 082 | |a 621.3848 | ||
| 082 | |b Ph431 | ||
| 088 | |a 60440103 | ||
| 100 | |a Đỗ, Văn Phong | ||
| 110 | |a . | ||
| 245 | 0 | |a Xác định vận tốc sóng điện từ trong ra đa xuyên đất bằng phương pháp dịch chuyển F-K. Áp dụng tại hệ thống công trình ngầm Bình Tiên và công viên Lê Thị Riêng Tp. HCM : | |
| 245 | 0 | |b Luận văn Thạc sĩ chuyên ngành: Vật lý lý thuyết và vật lý toán | |
| 245 | 0 | |c Đỗ Văn Phong ; Nguyễn Thành Vấn (Cán bộ hướng dẫn) | |
| 260 | |a Cần Thơ | ||
| 260 | |b Trường Đại học Cần Thơ | ||
| 260 | |c 2014 | ||
| 520 | |a Đề tài trình bày tổng quan về GPR và dịch chuyển, cơ sở vật lý của phương pháp ra da xuyên đất, phương pháp dịch chuyển F-K, nghiên cứu trên mô hình và áp dụng thực tế. | ||
| 650 | |a Ground penetrating radar,Rada xuyên đất | ||
| 904 | |i Hải | ||
| 980 | |a Trung tâm Học liệu Trường Đại học Cần Thơ | ||